00689nam a22001817a 4500003000200000005001700002008004100019020002200060050002300082100002000105245011600125260002700241300004600268504005200314650005000366650004500416650004600461020250403182727.0250120b xxu||||| |||| 00| 0 eng d a978-1-032-29025-6 aML 2075b.D66 2023 aDonnelly, K.J.  aThe synerygy of music and image in audiovisual culturebhalf-heard sounds and peripheral visionscK.J. Donnelly aOxonbRoutledge c2023 avi, 223 pages : billustrations ;c23cm.  aIncludes bibliographical references and index.  aMotion picture music--Psychological aspects.  aAudiovisual culture—Music and imagery. aSound and image—Psychological effects.